| 000 | 00400 a2200133 4500 | ||
|---|---|---|---|
| 001 | 88153 | ||
| 082 | _aPR 377 | ||
| 090 |
_c41563 _d41563 |
||
| 100 | _aTassawar Amin; Abdul Munem Khan, Prof | ||
| 245 |
_aNon linear contact analysis of Lug joints of wing fuselage attachment of JF-17 aircraft _nG-62 |
||
| 260 |
_aRisalpur _bNUST _c2007 |
||
| 300 |
_aix, 35 p. _ewith CD |
||
| 500 | _aBE project reports | ||
| 942 |
_aCAE NUST _kPR 377 |
||
| 999 |
_c323226 _d323226 |
||